02418nam a2200349Ia 4500008004100000020001500041050001900056100003200075240004500107245014400152250001900296260004100315300003100356490005100387500005100438504004800489505077000537519004401307519004401351519004401395650002701439700003301466700003101499700003401530700003501564942001201599952011201611952011501723952011301838952010001951999001702051120625s2001 sp r 001 0 spa d a8480885734 4aHM1221 bC87181 aCutlip, Scott M.e , autor 1 aEffective Public Relations. lEspañol 10aRelaciones públicas eficaces c / Scott M. Cutlip, Allen H. Center, Glen M. Broom ; traducción Eleni Smyrli ; prólogo de Jordi Xifra  a1a. edición  aEspañab : Gestión 2000c , 2001 a666 páginas c ; 24 cm. 0 aClásicos de las Relaciones Públicas v ; 6 aTítulo original: Effective Public Relations  aBibliografía al final de cada capítulo 0 aConcepto, profesionales, contexto y orígenes Introducción a las relaciones públicas contemporáneas Los profesionales de las relaciones públicas Los marcos organizativos Orígenes históricos Ética y profesionalismo Consideraciones legales Fundamentos teóricos: ajuste y adaptación Comunicación y opinión pública Los medios de comunicación y las relaciones con los medios Primer paso: definición de los problemas de relaciones públicas Segundo paso: planificación y programación Tercer paso: acción y comunicación Cuarto paso: evaluación del programa El sector empresarial Gobierno y política Organizaciones sin ánimo de lucro, sanidad y enseñanza Asociaciones empresariales, asociaciones profesionales  aMaterial Complementario / d(04 001393) aMaterial Complementario / d(04 001394) aMaterial Complementario / d(05 001040) 4aRELACIONES PÚBLICAS 1 aCenter, Allen H. e , autor 1 aBroom, Glen M. e , autor 1 aXifra, Jordi e , prologuista1 aSmyrli , Eleni e , traductor  cLB2lcc 00102lcc4070a04b04d2008-07-08l13oHM1221 C8718p04 001393r2019-06-14s2019-06-12t1w2012-06-24yLB 00102lcc4070a04b04d2008-07-08l17m1oHM1221 C8718p04 001394r2019-06-22s2019-06-22t2w2012-06-24yLB 00104070a08b08d2008-12-17l5m1oHM263 C7818 2000p08 000829r2019-10-11s2019-10-11t1w2012-07-20yLB 00102lcc4070a04b04d2018-05-08l0oHM1221 C8718p05 001040r2023-03-31t1w2018-05-08yLB c62079d62079